Spell the Marvel Character #329 - Statistics

General Stats
  • This quiz has been taken 13 times
  • The average score is 11 of 15
Answer Stats
Picture Answer % Correct
Agent Venom
100%
Black Widow
100%
Elektra
100%
Iron Fist
100%
Iron Man
100%
Mantis
100%
Thor
100%
Gwenpool
92%
Nick Fury
67%
Polaris
58%
Red Dagger
58%
Hepzibah
50%
Vampire by Night
50%
Veb
17%
Yo-Yo Rodriguez
17%
No matching quizzes found
Score Distribution
Percent of People with Each Score
Percentile by Number Answered
Your Score History
You have not taken this quiz